000 00901nam a2200301 a 4500
001 vtls001527535
003 NLI
005 20210627144826.0
008 121212s1901 enk 000 0 eng
039 9 _y201212121612
_zVLOAD
040 0 _aNLI
_beng
_cXData_1
_eAACR2
041 1 _aeng
044 _aenk
082 _a1501417
100 1 _aStekel, Wilhelm
245 1 0 _aCompulsion and doubt :
_b[Zwang und zweifel] /
_cby Wilhelm Stekel ; translated by Emil Gutheil
260 _aLondon :
_bPeter Nevill,
_c1901
300 _a2v. ;
_c22 cm.
650 0 _aPsychology
_9683737
700 1 _aGutheil, Emil,
_4trl
887 _a
901 _aIMP290385
_b21.08.1957
_9v.1
901 _aIMP290386
_b21.08.1957
_9v.2
902 _a150 B 1417
949 _AVIRTUAITEM
_D10000
_X100
_6IMP000290385ENG
_9v.1.
942 _2ddc
_cBKS
949 _AVIRTUAITEM
_D10000
_X100
_6IMP000290386ENG
_9v.2
999 _aVIRTUA40
_c977903
_d977903